Gaming Quiz

Random Gaming Quiz

RuneScape runes Quiz Stats

 Plays Quiz not verified by Sporcle

Challenge
Share
Tweet
Embed
Score 0/21 Timer 03:00
0 Plays Today
Type Rune % Correct
F2PAir rune
100%
F2PFire rune
100%
F2PEarth rune
98.8%
F2PWater rune
97.6%
F2PMind rune
96.3%
F2PDeath rune
93.9%
F2PChaos rune
90.2%
F2PNature rune
90.2%
P2PBlood rune
90.2%
F2PLaw rune
87.8%
F2PBody rune
85.4%
Type Rune % Correct
F2PCosmic rune
81.7%
P2PSoul rune
79.3%
Comb.Mud rune
78%
Comb.Lava rune
76.8%
P2PAstral rune
69.5%
Comb.Steam rune
68.3%
Comb.Dust rune
67.1%
Comb.Mist rune
63.4%
Comb.Smoke rune
42.7%
P2PArmadyl rune
36.6%

You're not logged in!

Compare scores with friends on all Sporcle quizzes.
Join for Free
OR
Log In

You Might Also Like...

Show Comments

Extras

Created Jun 3, 2015SourceReportNominate
Tags:rune, runescape

Top Quizzes Today


Score Distribution

Your Account Isn't Verified!

In order to create a playlist on Sporcle, you need to verify the email address you used during registration. Go to your Sporcle Settings to finish the process.

Report this User

Report this user for behavior that violates our Community Guidelines.

Details: